In vivo conservation of animal genetic resources (Record no. 15862)

000 -LEADER
fixed length control field 00768cam a2200229Ii 4500
020 ## - INTERNATIONAL STANDARD BOOK NUMBER
ISBN 9789251077252
020 ## - INTERNATIONAL STANDARD BOOK NUMBER
ISBN 9251077258
040 ## - CATALOGING SOURCE
Transcribing agency DKU
082 04 - DEWEY DECIMAL CLASSIFICATION NUMBER
Classification number 636 FOO 2013 A090 Or.
245 00 - TITLE STATEMENT
Title In vivo conservation of animal genetic resources
300 ## - PHYSICAL DESCRIPTION
Number of Pages xxiv, 242 pages :
Other physical details color illustrations ;
Dimensions 24 cm
490 1# - SERIES STATEMENT
Series statement FAO animal production and health guidelines,
650 #0 - SUBJECT ADDED ENTRY--TOPICAL TERM
Topical Term Livestock
650 #0 - SUBJECT ADDED ENTRY--TOPICAL TERM
Topical Term Germplasm resources, Animal
650 12 - SUBJECT ADDED ENTRY--TOPICAL TERM
Topical Term Livestock
650 12 - SUBJECT ADDED ENTRY--TOPICAL TERM
Topical Term Animals, Genetically Modified
650 22 - SUBJECT ADDED ENTRY--TOPICAL TERM
Topical Term Genetic Engineering
710 2# - ADDED ENTRY--CORPORATE NAME
Corporate name or jurisdiction name as entry element Food and Agriculture Organization of the United Nations
710 2# - ADDED ENTRY--CORPORATE NAME
Corporate name or jurisdiction name as entry element Commission on Genetic Resources for Food and Agriculture
856 40 - ELECTRONIC LOCATION AND ACCESS
Uniform Resource Identifier http://www.fao.org/docrep/018/i3327e/i3327e00.htm
942 ## - ADDED ENTRY ELEMENTS (KOHA)
Koha item type សៀវភៅភាសាអង់គ្លេស
952 ## - LOCATION AND ITEM INFORMATION (KOHA)
Withdrawn status [LOCAL, KOHA] 0
Holdings
Permanent Location Date acquired Koha item type Lost status Shelving location Barcode Current Location Full call number
Library Block A2017-12-13សៀវភៅភាសាអង់គ្លេស A083A14936Library Block A636 FOO 2013 A083 Or.
មជ្ឈមណ្ឌលឯការនៃសាកលវិទ្យាល័យភូមិន្ទកសិកម្មចំការដូង

Powered by Koha